Statistics for Name that Aamir Khan film

Click here to take the quiz!

General Stats

  • This quiz has been taken 30 times
  • The average score is 10 of 15

Answer Stats

Role Answer % Correct
PKPK
92%
Rancho3 Idiots
92%
Raja HindustaniRaja Hindustani
81%
BhuvanLagaan
77%
Rehan QadriFanaa
77%
Sahir/Samar KhanDhoom 3
77%
DJRang De Basanti
77%
Sanjay SinghaniaGhajini
73%
Akash MalhotraDil Chahta Hai
73%
Ram Shankar NikumbhTaare Zameen Par
69%
Ajay Singh RathodSarfarosh
54%
Siddharth MaratheGhulam
50%
MunnaRangeela
46%
Amar ManoharAndaz Apna Apna
38%
RajQayamat Se Qayamat Tak
38%

Score Distribution

Percentile by Number Answered

Percent of People with Each Score

Your Score History

You have not taken this quiz